000 00482nam a2200181Ia 4500
001 3509
005 20260306145648.0
008 260306t2017||||xx |||||||||||||| ||spa||
041 _aESP
082 _a282.8
_bN49F
100 _aNewman, John Henry
_eAUT
245 0 _aLa fe y la razón:
_bquince sermones predicados ante la Universidad de Oxford (1826-1843)
260 _c2017
300 _a436 páginas :
_c22 cm.
650 _aGEN
654 _aCHU
942 _cLIB
_dJUS
_fJUS
_2ddc
_n
999 _c3509
_d3509